100 største byer i New Zealand med et kort - Statistics

General Stats
  • This quiz has been taken 11 times
  • The average score is 6 of 100
Answers on the Map
Answers color-coded by a green-red scale on the quiz's map according to % correct below.
 
Answer Stats
befolkning omfatter by % Correct
1 638 800 Hibiscus Coast, Waiheke Island, Beachlands, Huapai Auckland
100%
418 500 Upper Hutt, Lower Hutt, Porirua Wellington
88%
407 600 Kaiapoi, Lyttelton, Prebbleton, Woodend Christchurch
75%
122 000 Mosgiel Dunedin
38%
19 540 Lake Hayes Queenstown
38%
9700 Greymouth
25%
203 100 Hamilton
25%
63 900 Napier
25%
67 500 Richmond Nelson
25%
141 600 Papamoa, Omokoroa Tauranga
25%
5360 Dannevirke
13%
37 200 Gisborne
13%
3590 Hokitika
13%
51 200 Invercargill
13%
2150 Kaikoura
13%
58 300 New Plymouth
13%
8890 Wanaka
13%
3960 Westport
13%
5510 Alexandra
0%
2950 Arrowtown
0%
20 200 Ashburton
0%
3990 Balclutha
0%
31 600 Renwick Blenheim
0%
20 600 Cambridge
0%
5320 Carterton
0%
5160 Cromwell
0%
2230 Darfield
0%
5180 Dargaville
0%
2480 Featherston
0%
16 850 Feilding
0%
4720 Foxton
0%
2500 Geraldine
0%
9910 Gore
0%
2380 Greytown
0%
70 600 Havelock North Hastings
0%
12 150 Hawera
0%
3150 Helensville
0%
8150 Huntly
0%
3630 Inglewood
0%
4560 Kaikohe
0%
5860 Kaitaia
0%
42 700 Paraparaumu, Waikanae Kapiti Coast
0%
4710 Katikati
0%
7080 Kawerau
0%
7520 Kerikeri
0%
21 200 Levin
0%
6100 Lincoln
0%
2270 Mapua
0%
4950 Marton
0%
22 200 Masterton
0%
7920 Matamata
0%
7870 Morrinsville
0%
8450 Motueka
0%
6580 Ngaruawahia
0%
13 950 Oamaru
0%
4320 Opotiki
0%
6410 Otaki
0%
2750 Otorohanga
0%
2170 Oxford
0%
4410 Paeroa
0%
2570 Pahiatua
0%
89 500 Ashhurst Palmerston North
0%
4350 Picton
0%
31 400 Pukekohe
0%
4100 Putaruru
0%
3310 Raglan
0%
18 300 Rangiora
0%
16 250 Rolleston
0%
59 500 Ngongotaha Rotorua
0%
5040 Snells Beach
0%
5740 Stratford
0%
4720 Taumarunui
0%
24 700 Taupo
0%
2140 Te Anau
0%
4350 Te Aroha
0%
17 500 Kihikihi Te Awamutu
0%
4640 Te Kuiti
0%
4370 Temuka
0%
8350 Te Puke
0%
7350 Thames
0%
29 100 Timaru
0%
14 050 Tokoroa
0%
3320 Turangi
0%
5150 Waihi
0%
2220 Waihi Beach
0%
2890 Waimate
0%
2160 Waipawa
0%
4220 Waipukurau
0%
4290 Wairoa
0%
7040 Waitara
0%
9780 Waiuku
0%
2360 Wakefield
0%
4890 Warkworth
0%
2100 Wellsford
0%
19 750 Ohope Beach Whakatane
0%
3960 Whangamata
0%
40 900 Whanganui
0%
58 800 Whangarei
0%
5080 Whitianga
0%
2370 Winton
0%
No matching quizzes found
Score Distribution
Percent of People with Each Score
Percentile by Number Answered
Your Score History
You have not taken this quiz